Statystyki dla 15 największych miast strefy czasowej UTC+01:00

Kliknij tutaj aby rozwiązać quiz!

Ogólne statystyki

  • Ten quiz został rozwiązany 17 razy
  • Średni wynik to 5 z 15

Statystyki odpowiedzi

Liczba ludnośćiMiasto% Poprawnych
3 669 491Berlin
94%
2 187 526Paryż
82%
2 617 175Rzym
76%
3.284.110Madryt
71%
2 203 698Algier
47%
13 910 000Lagos
41%
7 843 000Kinszasa
29%
3 357 173Casablanca
24%
2 605 000Abudża
18%
3 070 000Ibadan
18%
5 172 900Luanda
18%
3 875 000Kano
12%
2 060 000Port Harcourt
6%
7 850 000Onitsha
0%
2 230 000Uyo
0%

Rozkład punktacji

Percentyl według liczby udzielonych odpowiedzi

Procent ludzi z każdym wynikiem

Twoja historia wyników

Nie rozwiązałeś tego quizu